000
00298nam a22001337a 4500
008
180125b xxu||||| |||| 00| 0 eng d
020
_a
9780871065162
041
_a
eng
080
_a
91
100
_a
42
101
_a
gje
245
_a
fundamnetals kayak navigation
_c
dacvid.b
942
_2
udc
_c
BK
999
_c
40969
_d
40969